=LDR 00000nam 2200000 4500 =001 INLIS000000000026041 =005 20130612124515 =008 ***********************************Ind** =035 ##$$0010-061300000026041 =041 ##$$a Ind =082 ##$$a 959 =090 ##$$a 959, Dja p =100 ##$$a Tamar, djaja =245 ##$$a Sekarno - Htta, Perbedaan dan Persamaannya, Tamar Djaja =260 ##$$a 1983 $b Jakarta =300 ##$$a 294 hlm, ilus, 21 cm =650 ##$$a Seekarno =850 ##$$a NBPNMAT